Govt. of
Madhya Pradesh

मध्‍यप्रदेश सामान्‍य ज्ञान सन्‍दर्भ (Record no. 54316)

MARC details
000 -LEADER
fixed length control field 00649nam a22001697a 4500
003 - CONTROL NUMBER IDENTIFIER
control field MACL
005 - DATE AND TIME OF LATEST TRANSACTION
control field 20160716153411.0
008 - FIXED-LENGTH DATA ELEMENTS--GENERAL INFORMATION
fixed length control field 160716b xxu||||| |||| 00| 0 eng d
040 ## - CATALOGING SOURCE
Transcribing agency MACL
041 ## - LANGUAGE CODE
Language code of text/sound track or separate title Hindi
082 ## - DEWEY DECIMAL CLASSIFICATION NUMBER
Classification number 001 PAN
100 ## - MAIN ENTRY--PERSONAL NAME
Personal name पाण्‍डेय, आनंद कुमार
9 (RLIN) 64545
245 ## - TITLE STATEMENT
Title मध्‍यप्रदेश सामान्‍य ज्ञान सन्‍दर्भ
Statement of responsibility, etc. आनंद कुमार पाण्‍डेय
260 ## - PUBLICATION, DISTRIBUTION, ETC. (IMPRINT)
Place of publication, distribution, etc. भोपाल
Name of publisher, distributor, etc. दीपाली प्रिंटर्स
Date of publication, distribution, etc. 2015
650 ## - SUBJECT ADDED ENTRY--TOPICAL TERM
Topical term or geographic name as entry element सामान्‍य ज्ञान
9 (RLIN) 328
942 ## - ADDED ENTRY ELEMENTS (KOHA)
Source of classification or shelving scheme
Koha item type Hindi Books

No items available.